Diccionario Akal de Economía moderna /

El presente diccionario es un autorizado y actualizado libro de referencia, principalmente diseñado con objeto de satisfacer las necesidades de los estudiantes de Economía, pero obra también de indudable valor para los estudiantes de Ciencias Empresariales y otras ciencias sociales, así como para to...

Full description

Bibliographic Details
Other Authors: Pearce, David (ed.)
Format: Libro
Language:Spanish
Published: Madrid Akal 1999
Series:Akal/diccionarios 21
Subjects:
Online Access:

MARC

LEADER 00000cam a2200000 a 4500
001 038339
003 UAHC_CL
005 20170803124238.0
008 061115b1999 sp 000 spa
020 |a 8446008556 
040 |a UAHC_CL  |c UAHC_CL  |d UAHC_CL 
245 1 0 |a Diccionario Akal de Economía moderna /  |c Publicado bajo la dirección de David W. Pearce. 
260 |b Akal  |a Madrid  |c 1999 
300 |a 421 p. 
490 0 |a Akal/diccionarios  |v 21 
520 |a El presente diccionario es un autorizado y actualizado libro de referencia, principalmente diseñado con objeto de satisfacer las necesidades de los estudiantes de Economía, pero obra también de indudable valor para los estudiantes de Ciencias Empresariales y otras ciencias sociales, así como para todo el que desee una breve explicación de algún concepto o institución económica, ya que las discusiones sobre temas económicos han adquirido hoy una creciente importancia en la vida diaria. El diccionario contesta, de modo claro y conciso, las grandes cuestiones que han afrontado los economistas desde hace más de dos siglos, así como los temas de actualidad, tales como el cambio económico en Europa, los problemas de la contaminación o las perspectivas de una mayor libertad de comercio. Con casi 2.800 entradas, cubre ampliamente lo fundamental de la teoría económica, las instituciones internacionales y las escuelas de pensamiento, así como la biografía y la obra de los grandes economistas, incluidos los ganadores de los premios Nobel. Además, ofrece estadísticas comparativas de las variables económicas más importantes de los países seleccionados, incluyendo una relación de los acrónimos más usuales. 
650 4 |a ECONOMIA  |x DICCIONARIOS 
653 |a REFERENCIA 
700 1 |a Pearce, David  |e ed. 
900 |a R.330.03 DICE 
942 |c BK 
952 |0 0  |1 0  |4 0  |6 R__330_030000000000000_DICE  |7 0  |8 Referencia  |9 73293  |a BC  |b BC  |c Referencia  |d 2017-08-03  |l 0  |o R.330.03 DICE  |p 1356190  |r 2025-11-27 00:00:00  |t 1  |w 2017-08-03  |y BK 
999 |c 38339  |d 38339